| Record ID | marc_records_scriblio_net/part29.dat:7538166:834 |
| Source | Scriblio |
| Download Link | /show-records/marc_records_scriblio_net/part29.dat:7538166:834?format=raw |
LEADER: 00834cam 22002531 4500
001 sa 67003601
003 DLC
005 20050722192112.0
008 861121s1962 ii k 000 0 eng
010 $asa 67003601
025 $aPL480:I-E-7806
035 $a(OCoLC)14814282
040 $aDLC$cWaU$dDLC
042 $apremarc
050 00 $aLAW <India Maharashtra 7 Rana>
100 1 $aRanadive, W. G.
245 10 $aMaharashtra agricultural lands ceiling on holdings manual,$cby W.G. Ranadive and J.G. Karandikar.
260 $a[Bombay,$c1962]
300 $a2, iii, 156 p.$bforms.$c24 cm.
500 $aAt head of title: Govt. of Maharashtra, Revenue Dept.
506 $a"For official use only."
650 0 $aLand tenure$zIndia$zMaharashtra$xLaw.
700 1 $aKarandikar, J. G.,$ejoint author.
710 1 $aMaharashtra (India).$bRevenue Dept.